000 00489nam a2200169 a 4500
001 000035068
005 20200930074101.0
008 111024s1962 fr 000 0 spa d
040 _aDO-SdBNP
_bspa
_cBNPHU
082 _aXXXX
100 1 _aLengellé, Maurice
_960715
245 1 2 _aL´ esclavage /
_cMaurice Lengellé.
260 _aParis :
_bPresses Universitaires de France,
_c1962.
300 _a110 p. ;
_c18 cm.
490 1 _aQue sais-je?
_vno. 667
830 0 _aQue sais-je?
_n667
_960716
999 _c34559
_d34559